LEADER 00891nam0-22002771i-450- 001 990006101350403321 005 19980601 035 $a000610135 035 $aFED01000610135 035 $a(Aleph)000610135FED01 035 $a000610135 100 $a19980601d1970----km-y0itay50------ba 105 $a--------00-yy 200 1 $a<>swahili and arabic manuscripts and tapes in the library of the University college Dar-Es-Salaam a catalogue$fJ.W.T. Allen. 210 $aLeiden$cBrull$d1970 215 $a116 p.$d24 cm 676 $a025.17 700 1$aAllen,$bJ. W. T.$0232148 801 0$aIT$bUNINA$gRICA$2UNIMARC 901 $aBK 912 $a990006101350403321 952 $aXIX A 144$b16669*$fFGBC 959 $aFGBC 996 $aSwahili and arabic manuscripts and tapes in the library of the University college Dar-Es-Salaam a catalogue$9574448 997 $aUNINA DB $aGIU01 LEADER 00764nam0-22002651i-450- 001 990001106830403321 035 $a000110683 035 $aFED01000110683 035 $a(Aleph)000110683FED01 035 $a000110683 100 $a20000920d1990----km-y0itay50------ba 101 0 $aita 200 1 $aDal libro stampato al libro multimediale - Computer e Formazione$fA. Calvani 210 $aRoma$cLa Nuova Italia$d1990 610 0 $aDidattica assistita dagli elaboratori 676 $a530 700 1$aCalvani,$bAntonio$0144843 801 0$aIT$bUNINA$gRICA$2UNIMARC 901 $aBK 912 $a990001106830403321 952 $a20E-016$b18139$fFI1 959 $aFI1 996 $aDal libro stampato al libro multimediale$9204919 997 $aUNINA DB $aING01